Diccionario turístico de Cataluña, Baleares y Andorra / Juan Munsó Cabús
Descripción Física:
693 p. : il, [32] l. : col. ; 28 cm
MARC
| LEADER | 00000nam a2200000Ia 4500 | ||
|---|---|---|---|
| 001 | 11797 | ||
| 008 | 160829s1975 xx 000 0 cat d | ||
| 080 | |a M-3-11 | ||
| 100 | |a Munsó Cabús, Joan |9 22623 | ||
| 245 | |a Diccionario turístico de Cataluña, Baleares y Andorra / Juan Munsó Cabús | ||
| 260 | |a Barcelona : |b Víctor Sagi, |c 1975 | ||
| 300 | |a 693 p. : |b il, [32] l. : |b col. ; |c 28 cm | ||
| 650 | |a Catalunya |x Diccionaris geogràfics |9 22624 | ||
| 650 | |a Andorra |x Diccionaris geogràfics |9 22625 | ||
| 650 | |a Balears |x Diccionaris geogràfics |9 22626 | ||
| 901 | |a Arxiu | ||
| 942 | |n 1 | ||
| 952 | |0 0 |1 0 |4 0 |6 M311 |7 1 |9 42256 |a Arxiu |b Arxiu |d 2016-12-01 |l 0 |o M-3-11 |p 11797 |r 2016-12-01 00:00:00 |w 2016-12-01 |y ARXIU | ||
| 999 | |c 44734 |d 44734 | ||